[Event "24. Torneo San Viator"]
[Site "Madrid ESP"]
[Date "2015.05.31"]
[Round "9.7"]
[White "Unciti Juan, Javier"]
[Black "De Vicente Guijarro, Juan"]
[Result "1-0"]
[WhiteElo "2096"]
[BlackElo "1757"]
[PlyCount "51"]
[EventDate "2015.03.22"]
[EventType "swiss"]
[EventRounds "9"]
[EventCountry "ESP"]
[Source "lmi"]
[SourceDate "2015.03.22"]

1. e4 e5 2. f4 Bc5 3. Nf3 d6 4. Bc4 Nc6 5. c3 Qe7 6. b4 Bb6 7. d3 f5 8. a4 a5
9. b5 Nd8 10. fxe5 dxe5 11. Ba3 Bc5 12. Bxc5 Qxc5 13. Qe2 f4 14. d4 exd4 15.
cxd4 Qb4+ 16. Nbd2 Nf7 17. O-O Ngh6 18. e5 Qe7 19. Ne4 Bg4 20. Qd2 g5 21. Nf6+
Kf8 22. Nxg5 Nxe5 23. dxe5 Rd8 24. Qxf4 Qc5+ 25. Kh1 Rd4 26. Nfe4+ 1-0

[Event "24. Torneo San Viator"]
[Site "Madrid ESP"]
[Date "2015.05.31"]
[Round "9.8"]
[White "Martin Lozano, Miguel Angel"]
[Black "Lozano Freras, Sergio"]
[Result "1/2-1/2"]
[WhiteElo "1758"]
[BlackElo "1992"]
[PlyCount "69"]
[EventDate "2015.03.22"]
[EventType "swiss"]
[EventRounds "9"]
[EventCountry "ESP"]
[Source "lmi"]
[SourceDate "2015.03.22"]

1. d4 d5 2. Bf4 Nf6 3. e3 e6 4. Bd3 Bd6 5. Bg3 O-O 6. Nd2 b6 7. Ngf3 Bb7 8. Ne5
c5 9. c3 cxd4 10. exd4 Ne4 11. f3 Nxd2 12. Qxd2 Bxe5 13. Bxe5 Nc6 14. Qf4 Nxe5
15. Qxe5 Re8 16. h4 Qb8 17. Qh5 Qg3+ 18. Kf1 h6 19. Re1 Qf4 20. Qe5 Qxe5 21.
Rxe5 f6 22. Re2 e5 23. Bg6 Re7 24. Kf2 e4 25. fxe4 dxe4 26. Rhe1 f5 27. h5 Rf8
28. g3 Rf6 29. Ke3 Bd5 30. b3 Bf7 31. Bxf7+ Kxf7 32. Rd2 Ke6 33. Rf1 Ref7 34.
Rdd1 g6 35. c4 1/2-1/2

[Event "24. Torneo San Viator"]
[Site "Madrid ESP"]
[Date "2015.05.31"]
[Round "9.9"]
[White "De Miguel Martin, Jorge"]
[Black "Sirera Ripoll, Jose"]
[Result "1/2-1/2"]
[WhiteElo "2013"]
[BlackElo "1765"]
[PlyCount "86"]
[EventDate "2015.03.22"]
[EventType "swiss"]
[EventRounds "9"]
[EventCountry "ESP"]
[Source "lmi"]
[SourceDate "2015.03.22"]

1. Nf3 c5 2. e4 d6 3. Bb5+ Bd7 4. Bxd7+ Qxd7 5. Nc3 Nf6 6. O-O Nc6 7. Re1 e6 8.
d3 Be7 9. Ne2 O-O 10. Ng3 b5 11. Ng5 b4 12. Nh5 h6 13. Nh3 Ne5 14. Nxf6+ Bxf6
15. Nf4 g6 16. Re3 Bg7 17. Rg3 a5 18. Be3 Kh7 19. h4 Rac8 20. d4 Nc4 21. b3
Nxe3 22. fxe3 Qc7 23. Rc1 cxd4 24. exd4 d5 25. e5 Qa7 26. Kh1 Rc7 27. Qg4 Rc3
28. Rxc3 bxc3 29. Ne2 Qc7 30. a4 Rb8 31. Qg3 Rb4 32. Rd1 f6 33. Nxc3 fxe5 34.
Nb5 Qxc2 35. Rf1 Rxb3 36. Qg4 Rb2 37. Nd6 Rb1 38. Rxb1 Qxb1+ 39. Kh2 exd4 40.
Qxe6 d3 41. Qxd5 Qe1 42. Qxd3 Be5+ 43. g3 Bxg3+ 1/2-1/2

[Event "24. Torneo San Viator"]
[Site "Madrid ESP"]
[Date "2015.05.31"]
[Round "9.10"]
[White "Caamano Jimenez, Luis"]
[Black "Navarro Moreno, Juan Carlos"]
[Result "1-0"]
[WhiteElo "1756"]
[BlackElo "1970"]
[PlyCount "71"]
[EventDate "2015.03.22"]
[EventType "swiss"]
[EventRounds "9"]
[EventCountry "ESP"]
[Source "lmi"]
[SourceDate "2015.03.22"]

1. d4 Nf6 2. c4 g6 3. Nc3 Bg7 4. g3 O-O 5. Bg2 d6 6. Nf3 c5 7. e3 Nbd7 8. Qc2
Nb6 9. b3 cxd4 10. Nxd4 e5 11. Nde2 Ng4 12. Ba3 Re8 13. Rd1 Bf8 14. O-O Qf6 15.
Qd2 Rd8 16. c5 d5 17. Nxd5 Nxd5 18. Bxd5 Be6 19. e4 Rac8 20. f3 Bh6 21. f4 exf4
22. Nxf4 Bxd5 23. exd5 Qa6 24. Bb2 Re8 25. Qd4 Ne5 26. d6 Rcd8 27. Qd5 Bg7 28.
Nd3 Re6 29. Bxe5 Bxe5 30. Nxe5 Qe2 31. Rde1 Qh5 32. Nxf7 Qxd5 33. Rxe6 Qxe6 34.
Nxd8 Qe3+ 35. Kg2 Qxc5 36. Rf8+ 1-0

[Event "24. Torneo San Viator"]
[Site "Madrid ESP"]
[Date "2015.05.31"]
[Round "9.11"]
[White "Camarero Izquierdo, Juan Carlo"]
[Black "Martinez Barahona, Ismael"]
[Result "0-1"]
[WhiteElo "1888"]
[BlackElo "1818"]
[PlyCount "110"]
[EventDate "2015.03.22"]
[EventType "swiss"]
[EventRounds "9"]
[EventCountry "ESP"]
[Source "lmi"]
[SourceDate "2015.03.22"]

1. d4 d5 2. Nc3 Nf6 3. Bg5 Nbd7 4. Qd3 h6 5. Bh4 c6 6. O-O-O b5 7. f3 b4 8. Nb1
g5 9. Be1 a5 10. Nh3 Ba6 11. Qd2 Nb6 12. e3 Nc4 13. Qf2 e6 14. Nd2 Qb6 15. Bd3
a4 16. e4 b3 17. axb3 axb3 18. Nxb3 Bb4 19. e5 Nd7 20. f4 g4 21. f5 gxh3 22.
fxe6 fxe6 23. Qh4 Be7 24. Qxh3 Bc8 25. Qh5+ Kd8 26. Bxc4 dxc4 27. Nc5 Bg5+ 28.
Kb1 Qa7 29. Nxe6+ Ke7 30. Bb4+ Kxe6 31. Qh3+ Kf7 32. Ba3 Nxe5 33. Qh5+ Ng6 34.
Rhf1+ Kg7 35. h4 Bxh4 36. Rf3 Be6 37. g3 Bg5 38. Re1 Qd7 39. Ref1 Rxa3 40. bxa3
Rf8 41. Rxf8 Nxf8 42. Qf3 Qf7 43. Qxf7+ Bxf7 44. c3 Bg6+ 45. Kb2 Nd7 46. a4 Bd8
47. Re1 Kf6 48. Kc1 Ba5 49. Kd2 Nb6 50. Ra1 Nd5 51. Rf1+ Ke7 52. Rf3 Be4 53.
Rf1 Bxc3+ 54. Kc1 Bxd4 55. a5 Be3+ 0-1

[Event "24. Torneo San Viator"]
[Site "Madrid ESP"]
[Date "2015.05.31"]
[Round "9.12"]
[White "Martin Espeja, Jorge J"]
[Black "Villacorta Nicolas, David"]
[Result "0-1"]
[WhiteElo "1830"]
[BlackElo "1699"]
[PlyCount "90"]
[EventDate "2015.03.22"]
[EventType "swiss"]
[EventRounds "9"]
[EventCountry "ESP"]
[Source "lmi"]
[SourceDate "2015.03.22"]

1. e4 e5 2. Nf3 Nc6 3. Bb5 Bc5 4. c3 Bb6 5. O-O Nge7 6. d4 exd4 7. cxd4 d5 8.
e5 Bg4 9. h3 Bxf3 10. gxf3 O-O 11. Be3 Qd7 12. Kh2 f6 13. f4 fxe5 14. fxe5 Nf5
15. Bxc6 Qxc6 16. Nc3 Nh4 17. f4 Nf5 18. Bf2 Qc4 19. Ne2 Rae8 20. b3 Qc6 21.
Ng3 Qe6 22. Nxf5 Qxf5 23. Be3 Re6 24. Qg4 Rc6 25. Qxf5 Rxf5 26. Rac1 Rxc1 27.
Rxc1 Kf7 28. Kg3 Ke6 29. a4 Rf7 30. b4 c6 31. b5 cxb5 32. axb5 Rc7 33. Rxc7
Bxc7 34. Kg4 a6 35. f5+ Kf7 36. e6+ Ke7 37. Bg5+ Ke8 38. bxa6 bxa6 39. Kf3 Bd8
40. Bf4 Bf6 41. Ke3 Ke7 42. Bc7 g6 43. Be5 Bxe5 44. dxe5 gxf5 45. Kf4 Kxe6 0-1

[Event "24. Torneo San Viator"]
[Site "Madrid ESP"]
[Date "2015.05.31"]
[Round "9.13"]
[White "Cujba, Anca-Claudia"]
[Black "Mateos Cordero, Francisco"]
[Result "1/2-1/2"]
[WhiteElo "1787"]
[BlackElo "1596"]
[PlyCount "68"]
[EventDate "2015.03.22"]
[EventType "swiss"]
[EventRounds "9"]
[EventCountry "ESP"]
[Source "lmi"]
[SourceDate "2015.03.22"]

1. e4 c5 2. c3 d5 3. exd5 Qxd5 4. d4 cxd4 5. cxd4 e6 6. a3 Nc6 7. Nf3 Nf6 8.
Nc3 Qd8 9. Bc4 Be7 10. O-O O-O 11. d5 exd5 12. Nxd5 Nxd5 13. Bxd5 Bg4 14. Bxc6
Qxd1 15. Rxd1 bxc6 16. Re1 Bf6 17. Ne5 Rfe8 18. Bf4 Bxe5 19. Bxe5 f6 20. Bc3
Kf7 21. f3 Be6 22. Rad1 Bd5 23. Kf2 Rxe1 24. Rxe1 Re8 25. Rxe8 Kxe8 26. Ke3 c5
27. Kd3 Kd7 28. Be1 Ke6 29. Bf2 Kd6 30. b4 cxb4 31. axb4 a6 32. Bc5+ Ke6 33.
Kd4 Bc6 34. Bf8 g6 1/2-1/2

[Event "24. Torneo San Viator"]
[Site "Madrid ESP"]
[Date "2015.05.31"]
[Round "9.14"]
[White "Blanco Diez, David"]
[Black "Barahona Torrijos, Angel"]
[Result "1-0"]
[WhiteElo "1645"]
[BlackElo "1782"]
[PlyCount "49"]
[EventDate "2015.03.22"]
[EventType "swiss"]
[EventRounds "9"]
[EventCountry "ESP"]
[Source "lmi"]
[SourceDate "2015.03.22"]

1. d4 Nf6 2. c4 e6 3. Nc3 d5 4. cxd5 exd5 5. Bg5 Be7 6. e3 h6 7. Bh4 c6 8. Qc2
O-O 9. Bd3 Ne8 10. Bxe7 Qxe7 11. Nge2 Nd7 12. O-O Nd6 13. Ng3 Nf6 14. Rae1 Bg4
15. f3 Be6 16. e4 dxe4 17. fxe4 Ng4 18. h3 Qh4 19. Rf3 Nf6 20. e5 Nh5 21. exd6
g5 22. Qf2 g4 23. Nxh5 Qxh5 24. Rg3 f5 25. Rxe6 1-0

[Event "24. Torneo San Viator"]
[Site "Madrid ESP"]
[Date "2015.05.31"]
[Round "9.17"]
[White "Blasco Gallardo, Francisco"]
[Black "Rodriguez Orgaz, Cesar"]
[Result "0-1"]
[WhiteElo "1618"]
[BlackElo "1868"]
[PlyCount "74"]
[EventDate "2015.03.22"]
[EventType "swiss"]
[EventRounds "9"]
[EventCountry "ESP"]
[Source "lmi"]
[SourceDate "2015.03.22"]

1. Nf3 Nf6 2. d4 c5 3. c3 d5 4. Bf4 Nc6 5. e3 Qb6 6. Nbd2 Qxb2 7. Qc1 Qxc1+ 8.
Rxc1 e6 9. h3 Bd7 10. Bd3 Be7 11. Ne5 O-O 12. Nxd7 Nxd7 13. Bb5 Rfc8 14. Nf3 a6
15. Bxc6 Rxc6 16. Ne5 Nxe5 17. Bxe5 f6 18. Bh2 cxd4 19. exd4 Rac8 20. Kd2 b5
21. Bf4 Ba3 22. Rc2 b4 23. Rb1 Rxc3 24. Rxc3 Rxc3 25. Be3 Kf7 26. Kd1 a5 27.
Rb3 Rxb3 28. axb3 Bb2 29. Kc2 Bc3 30. f4 Ke7 31. Kd3 Kd6 32. Bd2 Bxd2 33. Kxd2
e5 34. fxe5+ fxe5 35. Ke3 e4 36. g3 g5 37. g4 Kc6 0-1

[Event "24. Torneo San Viator"]
[Site "Madrid ESP"]
[Date "2015.05.31"]
[Round "9.18"]
[White "Dominguez Afonso, Ayraldo"]
[Black "Uceda Martinez, Jacinto"]
[Result "1-0"]
[WhiteElo "1604"]
[BlackElo "1800"]
[PlyCount "111"]
[EventDate "2015.03.22"]
[EventType "swiss"]
[EventRounds "9"]
[EventCountry "ESP"]
[Source "lmi"]
[SourceDate "2015.03.22"]

1. e4 c5 2. Nf3 a6 3. c4 Nc6 4. Nc3 e5 5. d3 d6 6. Be2 Be7 7. a3 f5 8. Rb1 Nf6
9. b4 b6 10. Nd5 fxe4 11. Nxf6+ Bxf6 12. dxe4 O-O 13. Qd5+ Kh8 14. Qxc6 Bg4 15.
h3 Bh5 16. O-O Rc8 17. Qd5 Bf7 18. Qd1 cxb4 19. axb4 Bxc4 20. Bxc4 Rxc4 21. Qd3
b5 22. Be3 Qc7 23. Rfc1 Rc8 24. Rxc4 bxc4 25. Qc2 Qc6 26. Nd2 d5 27. exd5 Qxd5
28. Bc5 Qd3 29. Qxd3 cxd3 30. Ne4 Rd8 31. Rd1 Rd5 32. f3 Kg8 33. Kf2 Kf7 34.
Ke3 Ke6 35. Rxd3 Bd8 36. Rxd5 Kxd5 37. Kd3 Bc7 38. Nc3+ Ke6 39. Ke4 g6 40. Nd1
Bb8 41. Ne3 Bc7 42. Nc4 Bd8 43. Nxe5 Bc7 44. Nc4 h5 45. g4 Bb8 46. f4 Bc7 47.
f5+ gxf5+ 48. gxf5+ Kf6 49. Bd6 Bd8 50. Kf4 Kf7 51. Ne3 Kf6 52. Nd5+ Kf7 53.
Nc7 Bxc7 54. Bxc7 Kf6 55. Be5+ Kf7 56. Kg5 1-0

[Event "24. Torneo San Viator"]
[Site "Madrid ESP"]
[Date "2015.05.31"]
[Round "9.19"]
[White "Perez Gonzalez, Manuel"]
[Black "Montero Montero, Juan Jose"]
[Result "1-0"]
[WhiteElo "1582"]
[BlackElo "1732"]
[PlyCount "91"]
[EventDate "2015.03.22"]
[EventType "swiss"]
[EventRounds "9"]
[EventCountry "ESP"]
[Source "lmi"]
[SourceDate "2015.03.22"]

1. e4 Nf6 2. Nc3 d5 3. e5 Nfd7 4. d4 e6 5. Nf3 c5 6. Be3 Nc6 7. Bb5 cxd4 8.
Bxd4 Nxd4 9. Qxd4 a6 10. Bd3 Qb6 11. Qxb6 Nxb6 12. O-O Bb4 13. Ne2 Nc4 14. Rab1
Bd7 15. c3 Be7 16. Ned4 Rc8 17. Bxc4 dxc4 18. Nd2 Rc5 19. f4 b5 20. Ne4 Rd5 21.
Rbd1 O-O 22. Rf2 Rd8 23. Rfd2 Kf8 24. Kf2 Bc8 25. Nc6 Rxd2+ 26. Rxd2 Rxd2+ 27.
Nxd2 Bc5+ 28. Nd4 Bb7 29. g3 Bd5 30. Ke3 a5 31. Ne4 Bb6 32. a3 Ke7 33. Nd6 Bc5
34. N6xb5 Bc6 35. Ke2 Bd5 36. Nf3 Bc6 37. Nbd4 Bd5 38. Nd2 Kd7 39. Nc2 Kc6 40.
Ne3 Kb5 41. a4+ Kxa4 42. Nexc4 Bxc4+ 43. Nxc4 Kb3 44. Nxa5+ Kxb2 45. Nb7 Be7
46. c4 1-0

[Event "24. Torneo San Viator"]
[Site "Madrid ESP"]
[Date "2015.05.31"]
[Round "9.21"]
[White "San Felipe Gonzalez, Tomas"]
[Black "Rodriguez Garcia, Alberto"]
[Result "1-0"]
[WhiteElo "1724"]
[BlackElo "1800"]
[PlyCount "89"]
[EventDate "2015.03.22"]
[EventType "swiss"]
[EventRounds "9"]
[EventCountry "ESP"]
[Source "lmi"]
[SourceDate "2015.03.22"]

1. d4 Nf6 2. Nf3 g6 3. Bg5 Bg7 4. e3 O-O 5. c4 d6 6. Be2 Nbd7 7. Nc3 h6 8. Bh4
g5 9. Bg3 Nh5 10. Qc2 e6 11. Nd2 Nxg3 12. hxg3 f5 13. O-O-O Nf6 14. Bf3 a6 15.
Nb3 Rb8 16. e4 Qe7 17. Rde1 Qf7 18. exf5 exf5 19. Nd5 Be6 20. Nxf6+ Qxf6 21.
Rxe6 Qd8 22. Rhe1 c6 23. Bh5 g4 24. Bg6 Qg5+ 25. Qd2 f4 26. gxf4 Rxf4 27. Re8+
Rxe8 28. Rxe8+ Bf8 29. Bc2 Qf6 30. Qd3 Qf7 31. Qg6+ Qxg6 32. Bxg6 Rxf2 33. Be4
Kf7 34. Rb8 b5 35. Bxc6 bxc4 36. Nd2 Bg7 37. Rb7+ Kg6 38. Be4+ Kf6 39. Nxc4 h5
40. Nxd6 Bh6+ 41. Kb1 h4 42. Bd5 Rf1+ 43. Kc2 Kg6 44. Rb6 Be3 45. Nc4+ 1-0

[Event "24. Torneo San Viator"]
[Site "Madrid ESP"]
[Date "2015.05.31"]
[Round "9.22"]
[White "Andres Rodriguez, Florencio"]
[Black "Del Noval Nemeshazi, Nesztor"]
[Result "1/2-1/2"]
[WhiteElo "1542"]
[BlackElo "1770"]
[PlyCount "54"]
[EventDate "2015.03.22"]
[EventType "swiss"]
[EventRounds "9"]
[EventCountry "ESP"]
[Source "lmi"]
[SourceDate "2015.03.22"]

1. d4 Nf6 2. c4 g6 3. Nc3 d5 4. cxd5 Nxd5 5. e4 Nxc3 6. bxc3 Bg7 7. Nf3 c5 8.
Rb1 Qa5 9. Bd2 Qxa2 10. Be2 O-O 11. O-O Qa5 12. Qc2 Qc7 13. Bg5 cxd4 14. Qc1
Qxc3 15. Qxc3 dxc3 16. Bxe7 Re8 17. Bd6 Rxe4 18. Bd3 Ra4 19. Rfe1 Bd7 20. Rxb7
Bc6 21. Rbe7 Na6 22. Bc2 Ra5 23. Bb3 Nc5 24. Bxf7+ Kh8 25. Ne5 Ba4 26. Bd5 Nd3
27. Nf7+ Kg8 1/2-1/2

[Event "24. Torneo San Viator"]
[Site "Madrid ESP"]
[Date "2015.05.31"]
[Round "9.24"]
[White "Hidalgo Prado, David"]
[Black "Ramirez De La Piscina G, Juan"]
[Result "1/2-1/2"]
[WhiteElo "1499"]
[BlackElo "1685"]
[PlyCount "157"]
[EventDate "2015.03.22"]
[EventType "swiss"]
[EventRounds "9"]
[EventCountry "ESP"]
[Source "lmi"]
[SourceDate "2015.03.22"]

1. e4 d5 2. exd5 Qxd5 3. Nc3 Qa5 4. d4 Nf6 5. Nf3 c6 6. Ne5 Bf5 7. g4 Be4 8. f3
Bd5 9. Nc4 Bxc4 10. Bxc4 e6 11. Bd2 Qc7 12. Qe2 Be7 13. O-O-O Nbd7 14. Kb1 b5
15. Bb3 a5 16. a4 b4 17. Ne4 Nd5 18. h4 Rd8 19. g5 N7b6 20. Qf2 Nd7 21. f4 c5
22. Bxd5 exd5 23. Nxc5 Bxc5 24. dxc5 Nxc5 25. f5 Ne4 26. Qh2 Qxh2 27. Rxh2 O-O
28. Be3 Rd7 29. Bd4 Nd6 30. Bc5 Nxf5 31. Bxf8 Kxf8 32. h5 Ke7 33. Rf2 Ng3 34.
g6 fxg6 35. Re1+ Ne4 36. hxg6 hxg6 37. Rg2 g5 38. Kc1 Kf6 39. Rf1+ Ke5 40. Rf8
g6 41. Ra8 Rh7 42. Rg1 g4 43. Rxa5 g3 44. Rd1 g2 45. Raxd5+ Kf4 46. Rg1 Rh1 47.
Rdd1 Rxg1 48. Rxg1 Kf3 49. a5 Nc5 50. Kd2 Kf2 51. Ra1 g1=Q 52. Rxg1 Kxg1 53.
Ke3 g5 54. Kd4 Na6 55. Kd5 Kf2 56. Kc6 g4 57. Kb6 g3 58. Kxa6 g2 59. Kb5 b3 60.
cxb3 g1=Q 61. b4 Qg7 62. b3 Qe5+ 63. Ka4 Ke3 64. a6 Qa1+ 65. Kb5 Qd4 66. Ka5
Kd3 67. b5 Kc3 68. b4 Qxb4+ 69. Kb6 Kc4 70. a7 Qxb5+ 71. Kc7 Qa6 72. Kb8 Qb6+
73. Ka8 Qc6+ 74. Kb8 Qe8+ 75. Kb7 Qd7+ 76. Kb8 Qd8+ 77. Kb7 Kb5 78. a8=Q Qb6+
79. Kc8 1/2-1/2

[Event "24. Torneo San Viator"]
[Site "Madrid ESP"]
[Date "2015.05.31"]
[Round "9.27"]
[White "Martin Almenara, Alejandro"]
[Black "De Paredes Aguado, Alejandro"]
[Result "1-0"]
[WhiteElo "1616"]
[BlackElo "1506"]
[PlyCount "115"]
[EventDate "2015.03.22"]
[EventType "swiss"]
[EventRounds "9"]
[EventCountry "ESP"]
[Source "lmi"]
[SourceDate "2015.03.22"]

1. d4 d5 2. c4 e6 3. Nc3 Nf6 4. Bf4 Bd6 5. Bxd6 Qxd6 6. e3 O-O 7. Nf3 c5 8.
cxd5 Nxd5 9. Nxd5 exd5 10. dxc5 Qxc5 11. Be2 Qb4+ 12. Qd2 Qxd2+ 13. Kxd2 Nc6
14. Rhd1 Be6 15. Ke1 Nb4 16. Nd4 Nc6 17. Bf3 Nxd4 18. Rxd4 Rfd8 19. Rad1 Rac8
20. Bxd5 Rc2 21. Bxe6 Rxd4 22. Rxd4 fxe6 23. Rd8+ Kf7 24. Rd7+ Kf6 25. Rxb7 a5
26. g3 a4 27. a3 h6 28. Kf1 g5 29. Kg2 Kf5 30. Rb4 g4 31. Rxa4 Rxb2 32. h3
gxh3+ 33. Kxh3 Rxf2 34. Rf4+ Rxf4 35. exf4 e5 36. fxe5 Kxe5 37. Kh4 Ke4 38. a4
Kd5 39. a5 Kc6 40. Kh5 Kb5 41. Kxh6 Kxa5 42. g4 Kb6 43. g5 Kc7 44. g6 Kd7 45.
Kh7 Ke7 46. g7 Kf6 47. g8=Q Ke5 48. Qg4 Kf6 49. Qh5 Ke6 50. Kg6 Kd6 51. Kf6 Kd7
52. Qe5 Kc6 53. Ke6 Kb7 54. Qc5 Ka6 55. Qb4 Ka7 56. Kd6 Ka8 57. Kc7 Ka7 58.
Qb7# 1-0

[Event "24. Torneo San Viator"]
[Site "Madrid ESP"]
[Date "2015.05.31"]
[Round "9.31"]
[White "Ingunza Curro, Andres"]
[Black "Valdes Sanchez, Jesus Manuel"]
[Result "1/2-1/2"]
[WhiteElo "1311"]
[BlackElo "1588"]
[PlyCount "64"]
[EventDate "2015.03.22"]
[EventType "swiss"]
[EventRounds "9"]
[EventCountry "ESP"]
[Source "lmi"]
[SourceDate "2015.03.22"]

1. e4 c5 2. Nf3 e6 3. d4 Nf6 4. Nc3 d5 5. exd5 Nxd5 6. Nxd5 exd5 7. Be2 Be7 8.
O-O c4 9. Bf4 Nc6 10. c3 O-O 11. b3 b5 12. Ne5 Nxe5 13. Bxe5 Bf6 14. Bxf6 Qxf6
15. Bf3 Be6 16. Re1 Qd8 17. Bg4 Bxg4 18. Qxg4 f5 19. Qf3 Qd7 20. Re5 Rad8 21.
Rae1 Rde8 22. h3 g6 23. Rxe8 Rxe8 24. Rxe8+ Qxe8 25. Qxd5+ Kf8 26. bxc4 bxc4
27. Qxc4 Qe1+ 28. Kh2 Qxf2 29. Qc8+ Kg7 30. Qc7+ Kh6 31. Qc4 f4 32. d5 Qg3+
1/2-1/2

[Event "24. Torneo San Viator"]
[Site "Madrid ESP"]
[Date "2015.05.31"]
[Round "9.33"]
[White "Mora Gonzalez-Rojas, Francisco"]
[Black "Munoz Cebey, Ricardo"]
[Result "0-1"]
[WhiteElo "1586"]
[BlackElo "1723"]
[PlyCount "120"]
[EventDate "2015.03.22"]
[EventType "swiss"]
[EventRounds "9"]
[EventCountry "ESP"]
[Source "lmi"]
[SourceDate "2015.03.22"]

1. d4 d5 2. Nc3 Nf6 3. h3 Bf5 4. Bf4 c6 5. e3 e6 6. a3 Bd6 7. Bxd6 Qxd6 8. Bd3
Bxd3 9. Qxd3 Nbd7 10. Nf3 e5 11. dxe5 Nxe5 12. Nxe5 Qxe5 13. O-O O-O 14. Rfe1
Rfe8 15. Qd4 Qf5 16. Qd3 Qe5 17. Qd4 Qe7 18. Qf4 Rad8 19. Rad1 Ne4 20. Nxe4
Qxe4 21. Qxe4 dxe4 22. Rxd8 Rxd8 23. Rc1 Kf8 24. g4 Rd6 25. Kg2 Rd2 26. b4 Ke7
27. Kg3 g5 28. a4 a6 29. a5 Ke6 30. c3 Rd3 31. Rc2 f5 32. gxf5+ Kxf5 33. Kg2 h5
34. Kg3 h4+ 35. Kg2 g4 36. hxg4+ Kxg4 37. Kh2 h3 38. Rc1 Kf3 39. Rc2 Rd1 40.
Rb2 Rf1 41. Rc2 Rxf2+ 42. Rxf2+ Kxf2 43. Kxh3 Kxe3 44. Kg2 Kd2 45. Kf2 e3+ 46.
Kf1 e2+ 47. Kf2 e1=Q+ 48. Kf3 Qe2+ 49. Kf4 Qe3+ 50. Kf5 Kxc3 51. Kf6 Qe4 52.
Kf7 Qe5 53. Kg6 Qf4 54. Kg7 Qf5 55. Kg8 Qf6 56. Kh7 Qg5 57. Kh8 Kd4 58. Kh7 Ke5
59. Kh8 Kf6 60. b5 Qg7# 0-1

[Event "24. Torneo San Viator"]
[Site "Madrid ESP"]
[Date "2015.05.31"]
[Round "9.34"]
[White "Insua Rodriguez, Antonio"]
[Black "Lizon Martinez, Santiago"]
[Result "0-1"]
[WhiteElo "1415"]
[BlackElo "1628"]
[PlyCount "58"]
[EventDate "2015.03.22"]
[EventType "swiss"]
[EventRounds "9"]
[EventCountry "ESP"]
[Source "lmi"]
[SourceDate "2015.03.22"]

1. Nc3 c5 2. Nf3 d6 3. d4 cxd4 4. Nxd4 a6 5. e4 Nf6 6. Bc4 e6 7. a3 Be7 8. Bf4
e5 9. Nf5 Bxf5 10. Bxe5 dxe5 11. Qxd8+ Bxd8 12. exf5 Nc6 13. f3 Rc8 14. O-O-O
Nd4 15. Ba2 Ba5 16. Na4 Nxc2 17. Kb1 O-O 18. b4 Nxa3+ 19. Kb2 Bxb4 20. Rd3 Nc4+
21. Bxc4 Rxc4 22. Kb3 b5 23. Nb2 Rfc8 24. Nxc4 bxc4+ 25. Kxb4 cxd3 26. Rd1 Rd8
27. Ka5 e4 28. fxe4 Nxe4 29. Kxa6 d2 0-1

[Event "24. Torneo San Viator"]
[Site "Madrid ESP"]
[Date "2015.05.31"]
[Round "9.37"]
[White "Perez Puebla, David"]
[Black "Del Noval Nemeshazi, Mario"]
[Result "1/2-1/2"]
[WhiteElo "1479"]
[BlackElo "1275"]
[PlyCount "53"]
[EventDate "2015.03.22"]
[EventType "swiss"]
[EventRounds "9"]
[EventCountry "ESP"]
[Source "lmi"]
[SourceDate "2015.03.22"]

1. d4 Nf6 2. c4 g6 3. Nf3 Bg7 4. e4 d6 5. Nc3 Nbd7 6. Bg5 e5 7. dxe5 dxe5 8.
Nd5 c6 9. Nxf6+ Bxf6 10. Bxf6 Qxf6 11. Qd2 Nc5 12. Qe3 b6 13. Be2 O-O 14. O-O
Rd8 15. Rad1 Bb7 16. Rxd8+ Rxd8 17. Rd1 Kg7 18. Rxd8 Qxd8 19. Nxe5 Qe7 20. Nd3
Qxe4 21. Qxe4 Nxe4 22. f3 Nd6 23. c5 Ne8 24. b4 Nc7 25. Ne5 Ne6 26. Nd7 bxc5
27. bxc5 1/2-1/2

[Event "24. Torneo San Viator"]
[Site "Madrid ESP"]
[Date "2015.05.31"]
[Round "9.40"]
[White "Vicente Minarro, Pedro"]
[Black "Jimenez Gallego, Rafael"]
[Result "0-1"]
[WhiteElo "1408"]
[BlackElo "1544"]
[PlyCount "86"]
[EventDate "2015.03.22"]
[EventType "swiss"]
[EventRounds "9"]
[EventCountry "ESP"]
[Source "lmi"]
[SourceDate "2015.03.22"]

1. d4 Nf6 2. Nf3 d5 3. Bf4 e6 4. e3 c5 5. c3 a6 6. a4 Be7 7. Nbd2 c4 8. Be2 Bd6
9. Ne5 Bxe5 10. dxe5 Nfd7 11. Bg3 O-O 12. O-O Nc6 13. Nf3 Qb6 14. Qc2 Nc5 15.
Ng5 g6 16. Nf3 Qb3 17. Bd1 Qxc2 18. Bxc2 Bd7 19. Nd4 f6 20. exf6 Rxf6 21. h3
Re8 22. a5 e5 23. Nxc6 Bxc6 24. Rfd1 e4 25. Bd6 Rxd6 26. f4 Rf8 27. g4 Nd3 28.
Bxd3 cxd3 29. Rd2 Rdf6 30. Kg2 Bd7 31. Kg3 g5 32. f5 Kg7 33. Rb1 Rh8 34. Rh1 h5
35. Rdh2 b6 36. axb6 Rxb6 37. b4 Rc6 38. Ra1 Rxc3 39. Rxa6 h4+ 40. Kf2 Rb3 41.
Kg1 d2 42. f6+ Kf7 43. Rf2 d1=Q+ 0-1

[Event "24. Torneo San Viator"]
[Site "Madrid ESP"]
[Date "2015.05.31"]
[Round "9.51"]
[White "Sirera Andres, Dario"]
[Black "Vicioso Barbadillo, Juan J"]
[Result "1-0"]
[WhiteElo "1293"]
[BlackElo "1169"]
[PlyCount "51"]
[EventDate "2015.03.22"]
[EventType "swiss"]
[EventRounds "9"]
[EventCountry "ESP"]
[Source "lmi"]
[SourceDate "2015.03.22"]

1. e4 e6 2. d4 d5 3. exd5 Qxd5 4. Nf3 Nc6 5. Be3 Bb4+ 6. c3 Be7 7. Bd3 Nf6 8.
O-O Bd7 9. Nbd2 O-O-O 10. c4 Qh5 11. a3 Ng4 12. b4 Nxe3 13. fxe3 Rdf8 14. Qa4
f6 15. b5 Kb8 16. bxc6 Bxc6 17. Qb3 g5 18. d5 exd5 19. cxd5 Bd7 20. Rab1 b6 21.
Qc4 Bc8 22. Rfc1 Qf7 23. Qxc7+ Ka8 24. d6 Bxd6 25. Be4+ Bb7 26. Bxb7# 1-0